00708nam a2200205 i 4500001000700000003000900007005001700016008004100033017001700074020001800091100004600109245008800155260004800243300003300291490004500324504003600369600003400405830004200439852002100481171907ES-MaACL20251003195511.0090608s1983 sp |||| | spa d aM 19074-1983 a84-220-1103-41 aGonzález Martín, Marcelo, d1918-200410aEnrique de Ossó b: la fuerza del sacerdocio / cpor Marcelo González Martín. aMadrid : bLa Editorial Católica, c1983. aXLI, 486 p., 1 h. ; c20 cm.1 aBiblioteca de autores cristianos ; v440 aBibliografía : p. [XXXV]-XLI.17aEnrique de Ossó, cSanto200aBiblioteca de autores cristianosv440 aES-MaACLjJ-429